[Event "LK Elsaß-Baden"]
[Site "Haguenau"]
[Date "2002.09.15"]
[Round "25.1"]
[White "Keitlinghaus, Ludger"]
[Black "Roos, Daniel"]
[Result "1-0"]
[WhiteElo "2520"]
[BlackElo "2414"]
[Annotator "Herbrechtsmeier"]
[PlyCount "87"]
[EventDate "2002.09.15"]
[WhiteTeam "BADEN"]
[BlackTeam "ELSASS"]
[WhiteTeamCountry "GER"]
[BlackTeamCountry "FRA"]

1. e4 c6 2. d4 d5 3. exd5 cxd5 4. Bd3 Nc6 5. c3 Nf6 6. h3 g6 (6... Ne4 7. Nd2
Bf5 8. Qf3 Nxd2 9. Qxf5 e6 10. Qg4 Nc4 11. Qe2 b5 {
1/2-1/2 Thesing,M-Kachiani Gersinska,K/Germany 1997/GER-chT (17)}) (6... e5 7.
dxe5 Nxe5 8. Nf3 Nxd3+ (8... Bd6 9. Nxe5 Bxe5 10. Bb5+ Bd7 11. Bxd7+ Qxd7 12.
Nd2 O-O 13. O-O Bc7 14. Nf3 {
1-0 Keitlinghaus,L-Douven,R/Groningen 1991/CBM 26 ext (34)}) 9. Qxd3 Be7 10.
Be3 O-O 11. Nbd2 Be6 (11... b6 12. O-O Bb7 13. Nd4 Ne4 14. Nf5 Bf6 15. Bd4 {
1/2-1/2 Keitlinghaus,L-Pezerovic,E/Germany 1996/GER-chT (30)}) 12. O-O Nd7 13.
Nd4 Nc5 14. Qc2 Rc8 {
1/2-1/2 Keitlinghaus,L-Kumaran,D/Budapest 1996/CBM 54 ext (20)}) (6... Qc7 7.
Nf3 (7. Ne2 e6 8. Bf4 Bd6) 7... e6 8. O-O Bd6 9. Re1 O-O 10. Nbd2 b6 11. Qe2
Bb7 12. Ne5 Rfe8 13. Ndf3 Ne4 14. Nc4 Bf8 {
1/2-1/2 Nikolic,Z-Kostic,V/Ulcinj 1997/EXT 99 (14)}) 7. Bf4 (7. Bg5 Bg7 8. Nd2
Bf5 9. Bxf5 gxf5 10. Ne2 Ne4 11. Bf4 e6 12. f3 Nxd2 13. Qxd2 h5 {
1/2-1/2 Keitlinghaus,L-Meduna,E/Lazne Bohdanec 1994/CBM 40 (19)}) (7. Nf3 Bf5 (
7... Bg7 8. O-O O-O (8... Qd6 9. Re1 Nh5 10. Nbd2 Nf4 11. Bf1 O-O 12. Nb3 Ne6
13. Bd2 b6 {0-1 Ivanovic,B-Miladinovic,I/Podgorica/Tivat  1994/EXT 2002 (41)})
9. Re1 Qc7 10. Nbd2 (10. Bg5 Bf5 11. Bxf5 gxf5 12. Bxf6 Bxf6 13. Nbd2 e6 14.
Nb3 Kh8 15. Nc1 Rg8 {
1/2-1/2 Keitlinghaus,L-Maiwald,J/Gladenbach 1997/CBM 61 ext (19)}) 10... Bf5
11. Nf1 Bxd3 12. Qxd3 a6 13. Ng3 e6 14. Bg5 {
1-0 Barua,D-Adams,M/Edinburgh 1985/EXT 99 (42)}) 8. O-O (8. Bxf5 gxf5 9. O-O
Qc7 (9... e6 10. Ne5 Bd6 11. Nd3 Rg8 12. Nd2 Ne4 {
0-1 Werner,D-Miles,A/Germany 1983/GER-chT (20)}) 10. Re1 e6 11. Nbd2 Bd6 12.
Qe2 Ne4 13. c4 O-O-O 14. cxd5 exd5 15. Nf1 f4 {
0-1 Werner,I-Prusikhin,M/Regensburg 1997/EXT 2001 (24)}) 8... Bxd3 9. Qxd3 Bg7
10. Bf4 Ne4 (10... O-O 11. Nbd2 a6 12. a4 Qc8 13. a5 Qd8 14. b4 {
1-0 Keitlinghaus,L-Krug,S/Germany 1994/GER-chT (45)}) 11. Nbd2 f5 {
1/2-1/2 Keitlinghaus,L-Meduna,E/CZE 1994/TD (30)}) 7... Bg7 8. Nd2 O-O 9. Ngf3
a6 (9... Nd7 10. O-O e5 11. dxe5 Ndxe5 12. Nxe5 Nxe5 13. Nf3 (13. Bc2 d4 14.
Bxe5 Bxe5 15. Nf3 {1-0 Kamberovic,S-Mendl,M/Aschach 1996/EXT 98 (46)}) 13...
Nxd3 14. Qxd3 Qb6 15. Qd2 {1-0 Schaffarth,P-Crell,A/Kleve 1999/CBM 70 ext (66)}
) 10. a4 (10. O-O b5 11. a3 $14 {LK}) 10... Nd7 (10... Bf5) 11. O-O (11. Be2 $1
{LK}) 11... e5 12. dxe5 Ndxe5 13. Nxe5 Nxe5 14. Bxe5 Bxe5 15. Nf3 Bg7 $2 (15...
Bc7 $142 {LK}) 16. Qb3 Qd6 17. Rfd1 Be6 18. Bf1 Rab8 19. Nd4 Qd7 20. Be2 Be5
21. Bf3 Bc7 22. h4 $1 Rfd8 23. g3 Bg4 24. Bxg4 Qxg4 25. Rd3 Rd6 26. Rad1 Bb6
27. Kg2 Rbd8 28. Nf3 Qe4 29. R1d2 Rf6 30. Qd1 Rf5 31. b3 $1 d4 32. cxd4 Rfd5
33. Re3 Qg4 34. Qe2 Qd7 35. Re7 Qc6 36. Rc2 Qd6 37. Re8+ Kg7 38. Rc8 Rxc8 39.
Rxc8 Qd7 40. Qc4 h6 (40... Rd6 {LK} 41. b4 $16 Qxa4 42. Ne5 Rf6 43. Rb8 Qb5 44.
Qxb5 axb5 45. Rxb7 (45. Nd7 Rd6 46. Nxb6 Rxb6 47. Kf3 Kf6 48. Ke4 Re6+ 49. Kd3
Rb6 50. g4) 45... Bxd4 46. f4) 41. Ne5 Qd6 42. Rb8 Qxb8 43. Qxd5 Qc7 44. Nd7
1-0

[Event "LK Elsaß-Baden"]
[Site "Haguenau"]
[Date "2002.09.15"]
[Round "12.2"]
[White "Roos, Louis"]
[Black "Schmaltz, Roland"]
[Result "1/2-1/2"]
[WhiteElo "2334"]
[BlackElo "2503"]
[Annotator "Herbrechtsmeier"]
[PlyCount "114"]
[EventDate "2002.09.15"]
[WhiteTeam "ELSASS"]
[BlackTeam "BADEN"]
[WhiteTeamCountry "FRA"]
[BlackTeamCountry "GER"]

1. d4 Nf6 2. c4 e6 3. Nf3 b6 4. g3 Bb7 5. Bg2 Be7 6. Nc3 O-O 7. Qc2 c5 8. d5
exd5 9. Ng5 Nc6 (9... g6 10. cxd5 d6 11. h4 $1 $40) (9... h6 $1 10. Nxd5 (10.
h4 $5 {Chekhov}) (10. Nh3 b5 11. Nf4 Nc6 12. cxd5 Nd4 13. Qd1 b4 14. Na4 Bd6
15. O-O Re8 {0-1 Kortschnoj,V-Stefansson,H/Reykjavik 2000/CBM 75 ext (46)})
10... Bxd5 11. Bxd5 $1 (11. cxd5 hxg5 $1 {N} (11... d6 12. Nh3 Nbd7 13. O-O b5
14. e4 c4 15. f4 Rc8 16. Nf2 Qb6 17. Qe2 Rfe8 18. Be3 $14 {
Van der Sterren,P-Karner,H Tallinn 1987}) 12. d6 Nc6 13. dxe7 Qxe7 14. Bxg5 (
14. Bxc6 dxc6 15. Bxg5 Rfe8 16. e3 $2 Qe4 $1 17. O-O-O Qxc2+ 18. Kxc2 Ne4 $19)
14... d5 {0-1 Balashov,Y-Tiviakov,S/St Petersburg 1993/CBM 34/[Dautov] (54)})
11... Nc6 12. Bxc6 dxc6 13. Nf3 Qd7 14. O-O Qh3 15. Bf4 (15. b3 $1 Rfe8 16. Bb2
$14) 15... Rfe8 16. Rad1 Bf8 17. Bd6 Re6 18. Bxf8 Rxf8 $10 {
Vladimirov,E-Zagrebelny,S URS 1988}) 10. Nxd5 g6 11. Qd2 (11. Nh3 Nxd5 12. cxd5
Nd4 {0-1 Pirc,V-Colle,E/Bled 1931/HCL (31)}) (11. h4 Nd4 12. Qd3 Nxd5 13. Bxd5
Bxd5 14. cxd5 Bf6 {1/2-1/2 Maderna,C-Bolbochan,J/Mar del Plata 1942/HCL (41)})
11... Na5 $146 (11... Nxd5 $2 12. Bxd5 Rb8 13. Nxh7 Re8 14. Qh6 Ne5 15. Ng5
Bxg5 16. Bxg5 Qxg5 17. Qxg5 Bxd5 18. O-O Bxc4 19. f4 {
1-0 Kortschnoj,V-Karpov,A/Moscow 1974/Candidates (19)}) (11... Rb8 $5 12. h4
Ne5 (12... Nxd5 $142 13. Bxd5 Nd4) 13. b3 Nxd5 14. Bxd5 Bf6 15. Bxb7 Rxb7 16.
Bb2 b5 17. Rc1 bxc4 18. Bxe5 Bxe5 19. Rxc4 {
1-0 Eingorn,V-Levitt,J/Saint John 1988/CBM 06 (46)}) 12. Nxf6+ Bxf6 13. Bxb7
Nxb7 14. Qd5 Na5 15. Ne4 Bg7 16. Bg5 Qe8 17. O-O-O Qe6 18. Qxe6 dxe6 19. Be7
Rfe8 20. Nf6+ Bxf6 21. Bxf6 Nxc4 22. Rd7 $44 b5 23. e4 Nb6 24. Rb7 e5 $6 (24...
Reb8 25. Rc7 (25. Rxb8+ Rxb8 26. Rd1 Kf8) 25... Rc8 $11) 25. g4 (25. Rd1 Re6
26. Rd8+ Rxd8 27. Bxd8 Rd6) 25... Re6 26. g5 Nc4 27. f3 Nd6 (27... Ra6 $2 28.
Rd1 Rxa2 29. Rdd7 (29. Rd8+) 29... Ra1+ 30. Kc2 Rf1 31. Rxf7 Rf2+ 32. Kb1 Rxb2+
33. Kc1 Rxh2 34. Rg7+ Kf8 35. Rbf7+ Ke8 36. Be7 $18) 28. Re7 Re8 (28... Rxe7
29. Bxe7 Nc4 30. Rd1) 29. Rxe6 $2 (29. Rxa7 $1 $16) 29... Rxe6 30. Rd1 h6 31.
Rd5 hxg5 32. Bxe5 Nb7 $132 33. h3 a6 34. Bc3 f6 35. Rd7 Nd6 36. Rc7 b4 37. Bd2
Nc4 (37... Nf7 38. Rc8+ Kg7 39. Rc7 Re8) 38. Rxc5 $6 (38. Bxb4 Ne5 39. Bxc5
Nxf3 40. b4 Rxe4 41. Rc6 $13) 38... Ne5 39. Rc8+ Kf7 40. Rc7+ Ke8 41. Kc2 Nxf3
42. Bxb4 Rxe4 $15 43. Bc3 Re6 44. b4 f5 45. a4 g4 $2 (45... Ng1 $5 46. Rh7 Ne2
47. Bd2 Rc6+) (45... Rd6 $1 46. b5 (46. Rh7 Rd7 47. Rh6 Kf7 48. Rh7+ Ke6 49.
Rh6 Nh4) 46... axb5 47. axb5 Rb6 48. Rc5 Kd7) 46. hxg4 fxg4 47. Rc4 $1 $11 Nh2
48. Rc5 g3 49. Rg5 Nf1 50. Bd4 Kf7 51. b5 axb5 52. axb5 Re2+ $6 (52... Ne3+ 53.
Bxe3 (53. Kc3 Nf5) 53... Rxe3 54. b6 $11) 53. Kd3 Re1 54. b6 Rd1+ 55. Kc3 Rc1+
56. Kd3 (56. Kb2 $1 Rc8 (56... Rc4 57. Bc5 g2 58. Bg1 Nd2 59. Rxg2 Ne4 60. Kb3
Rc8 61. Bd4) 57. Rg4 Nd2 (57... Rc4 58. Ka3 Nd2 59. b7 Nb1+ 60. Ka2 Rb4 61.
Rf4+ Ke8 62. Rf8+) (57... Ke6 58. Rxg6+ Kd5 59. Bg1) 58. Rxg3 Nc4+ $11) 56...
Rd1+ 57. Kc3 Rc1+ 1/2-1/2

[Event "LK Elsaß-Baden"]
[Site "Haguenau"]
[Date "2002.09.15"]
[Round "11.3"]
[White "Siegel, Georg"]
[Black "Mensch, Etienne"]
[Result "1/2-1/2"]
[WhiteElo "2426"]
[BlackElo "2353"]
[Annotator "Herbrechtsmeier"]
[PlyCount "128"]
[EventDate "2002.09.15"]
[WhiteTeam "BADEN"]
[BlackTeam "ELSASS"]
[WhiteTeamCountry "GER"]
[BlackTeamCountry "FRA"]

1. Nf3 Nf6 2. c4 g6 3. Nc3 c5 4. d4 cxd4 5. Nxd4 Nc6 6. e4 d6 7. Be2 Bg7 (7...
Nxd4) 8. Be3 $14 O-O 9. O-O Nxd4 (9... Bd7) 10. Bxd4 Be6 (10... Bd7) 11. Qd2 (
11. f4 Qa5 (11... Rc8 12. b3 Bd7 13. e5 dxe5 14. fxe5 Ne8 15. Qd2 Bc6 16. Rad1
Qc7 17. Qe3 Rd8 18. e6 {1-0 Sokolov,A-Nemet,I/Bern 1992/CBM 28 (39)}) 12. f5
Bd7 13. Qd3 Bc6 14. a3 Nd7 15. b4 Bxd4+ 16. Qxd4 Qe5 17. Qxe5 Nxe5 18. f6 {
1-0 Ftacnik,L-Schlindwein,R/Germany 2001/CBM 82 ext (92)}) (11. Rc1 Qa5 12. b3
Rfc8 13. Re1 Nd7 14. Bf1 Bxd4 15. Qxd4 Qc5 16. Qd2 a5 17. Nd5 Re8 18. Kh1 Rac8
19. f4 {1/2-1/2 Dlugy,M-Schmaltz,R/Internet 1999/EXT 2000 (51)}) (11. Re1 Qa5
12. Nd5 Bxd5 13. exd5 Rfe8 14. Bf1 a6 15. Re3 Nd7 16. Bxg7 Kxg7 17. Qd4+ Nf6
18. Rae1 {1-0 Luther,T-McShane,L/Lippstadt 1997/CBM 59 ext (31)}) 11... Qa5 12.
Rfd1 {Weiss spielt am Damenfluegel - das "Brendel-System" (...a6, ...b5) wie
im Gurgenidze-Aufbau (7...Sxd4 8.Dxd4) ist nicht moeglich} 12... Rfc8 13. b3 {
Stuende der Laeufer wie im Gurgenidze-Aufbau jetzt auf e3 (statt auf d4),
waere das Entlastungsmanoever 13...Sd7 oder 13...Sg4gut} 13... a6 (13... Nd7
14. Nd5 Qd8 15. Bxg7 Kxg7 16. Qd4+ Kg8 17. Nc3 Qb6 18. Qxb6 Nxb6 19. f4 {
1-0 Eingorn,V-Krumpacnik,D/Graz 1998/EXT 99 (33)}) 14. Rab1 (14. Qb2 $5 Ne8 (
14... Rab8 15. Nd5 Bxd5 16. exd5 Qd8 17. Rac1 Ne8 18. Bxg7 Nxg7 19. b4 {
1/2-1/2 Nogueiras,J-Gonzalez,J/Merida 1997/EXT 99 (31)}) 15. Bxg7 Nxg7 16. Nd5
Bxd5 17. Rxd5 {1-0 Unzicker,W-Frois,A/Almada 1988/EXT 97 (43)}) 14... Qd8 15.
Qe3 Qf8 16. a4 Nd7 17. a5 Bxd4 18. Rxd4 Rab8 (18... Ne5 19. Na4 Nc6 20. Rdd1
Re8 21. Nb6 Rad8 22. b4 $16) 19. Nd5 $16 b6 20. axb6 Nxb6 21. Ra1 Nd7 $138 22.
Rxa6 Nc5 23. Ra3 Bxd5 24. cxd5 Ra8 25. b4 Rxa3 26. Qxa3 Ra8 27. Qc3 $18 Nd7 28.
Rd1 Rc8 29. Qd4 Qh6 30. Bg4 (30. Qa7 {gewinnt einen zweiten Bauern}) 30... f5 {
Verzweiflung} 31. exf5 Ne5 32. f6 Rc4 33. Be6+ Kf8 34. fxe7+ $2 ({Nach} 34. Qb6
$1 {muss Schwarz aufgeben}) 34... Kxe7 35. Qa7+ Kf6 {
Jetzt wirken die schwarzen Figuren gut zusammen} 36. Qa3 (36. Qb8 Ke7) 36...
Qf4 37. b5 Ra4 38. Qb2 (38. Qc3 Rc4 39. Qa5 Rc1) 38... Rb4 39. Qe2 Re4 40. Qf1
Rb4 41. Rb1 g5 42. b6 $2 {Verliert einen wichtigen Bauern} (42. g3 $1 $18 Nf3+
43. Kh1 Qe4 44. Rxb4 Qxb4 45. Qd3) 42... Qe4 $1 43. Rxb4 Qxb4 44. h4 h6 45. Qe2
(45. Qc1 Qxb6 46. Qc8 Ke7 $8 47. Qc2 $1 $16) 45... Qxb6 46. Qe4 (46. Qh5 Qb1+
47. Kh2 Qg6) (46. Qc2 $1 $16) 46... Kg7 47. g3 (47. hxg5 hxg5 48. Qf5 Qd8)
47... Qd8 48. Kg2 Qf6 49. Qe3 (49. h5 $5 $16) 49... gxh4 $2 (49... g4) 50. g4
$2 (50. Qa7+ $16 Nf7 (50... Kg6 51. f4) 51. Qxf7+ Qxf7 52. Bxf7 Kxf7 53. gxh4
Kf6 (53... Kg6 54. f4 $18) 54. f4 $18 Kf5 55. Kf3 h5 56. Ke3 Kg4 57. Ke4 Kxh4
58. Kf3 $3) 50... Ng6 {Jetzt ist es nicht mehr zu gewinnen} 51. Bf5 (51. Qa7+
Qe7 52. Qxe7+ Nxe7 53. Kh3 Ng6 54. Bf5 Nf4+ 55. Kxh4 Nxd5) 51... Ne7 52. Qa7
Qe5 (52... h5 53. Kh3 hxg4+ 54. Bxg4) 53. Kh3 Kf6 54. Be6 Qc3+ 55. Kg2 Qd3 56.
Qa1+ Kg6 57. Kh2 (57. Qa4 Kg5 58. f4+ Kf6 59. g5+ hxg5 60. fxg5+ Ke5 61. Qa1+
Kf4 62. Qc1+ Ke5) 57... Qe4 $138 58. Qb2 (58. Qh8 $5 Qf4+ 59. Kg1 Qc1+ 60. Kg2
h3+ 61. Kg3 Qg1+ 62. Kxh3 Qh1+ 63. Kg3 Qg1+ 64. Kf3 Qh1+ $11) 58... Qf4+ 59.
Kg2 Qe4+ 60. f3 $6 (60. Kh2) 60... Qf4 61. Qf2 Kg5 62. Kh3 Ng6 63. Bf5 Kf6 (
63... h5 $1 64. Qg2 $8 hxg4+ 65. Bxg4 Kh6 $17) 64. Be4 Kg7 1/2-1/2

[Event "LK Elsaß-Baden"]
[Site "Haguenau"]
[Date "2002.09.15"]
[Round "7.4"]
[White "Roos, Jean Luc"]
[Black "Miltner, Arndt"]
[Result "1/2-1/2"]
[WhiteElo "2307"]
[BlackElo "2369"]
[Annotator "Herbrechtsmeier"]
[PlyCount "59"]
[EventDate "2002.09.15"]
[WhiteTeam "ELSASS"]
[BlackTeam "BADEN"]
[WhiteTeamCountry "FRA"]
[BlackTeamCountry "GER"]

1. e4 d6 2. d4 Nf6 3. Nc3 e5 4. Nf3 Nbd7 5. Bc4 Be7 6. O-O O-O 7. a4 a5 8. Qe2
(8. Be2 exd4 $1) 8... exd4 9. Nxd4 Nb6 10. Ba2 Nfd7 11. Nd5 (11. Bf4 Bf6 (11...
Nc5) 12. Rad1 Re8 (12... Nc5) 13. Ndb5 Ne5 (13... Nc5) 14. Be3 Ra6 15. h3 {
1-0 Zaitsev,M-Wimmer,H/Vienna 1996/EXT 2000 (49)}) 11... Nxd5 12. Bxd5 c6 13.
Bc4 Bf6 14. c3 Re8 15. Qc2 g6 (15... Nb6 16. Bd3 c5 17. Nb5) 16. Bf4 Be5 17.
Be3 Nf6 18. Bg5 h6 19. Bxf6 Qxf6 20. Rad1 Kg7 21. f4 (21. Ne2 Be6) 21... Bxd4+
22. Rxd4 Be6 23. Rxd6 Qe7 24. Rd4 c5 25. f5 Bxf5 26. Rd2 Bxe4 27. Rxf7+ Qxf7
28. Bxf7 Bxc2 29. Bxe8 Rxe8 30. Rxc2 1/2-1/2

[Event "LK Elsaß-Baden"]
[Site "Haguenau"]
[Date "2002.09.15"]
[Round "6.5"]
[White "Schulze, Ulrich"]
[Black "Lerch, Patrice"]
[Result "0-1"]
[WhiteElo "2313"]
[BlackElo "2312"]
[Annotator "Herbrechtsmeier"]
[PlyCount "60"]
[EventDate "2002.09.15"]
[WhiteTeam "BADEN"]
[BlackTeam "ELSASS"]
[WhiteTeamCountry "GER"]
[BlackTeamCountry "FRA"]

1. Nf3 e6 2. g3 Nf6 3. Bg2 (3. c4) 3... Be7 (3... d5) 4. O-O O-O 5. d3 d5 6.
Nbd2 b5 $5 7. e4 Bb7 {Dieser Laeufer geht meistens (nach ...a5, ...b4) ueber a6
} 8. e5 Nfd7 9. Re1 c5 10. h4 (10. Nf1 d4 11. h4 Qc7 12. N1h2 Nc6 13. Qe2 Rfe8
14. Ng4 Bf8 15. h5 h6 16. Nd2 Ne7 17. Ne4 Nf5 18. Bf4 Kh8 19. Nh2 {
1-0 Davies,N-Seppeur,R/Germany 1986/GER-chT (51)}) 10... Qb6 (10... Nc6 11. Nf1
b4 (11... Qc7 12. Bf4 Rfc8 13. N1h2 b4 14. Ng4 Nd4 15. Bg5 Nxf3+ 16. Qxf3 Bxg5
17. hxg5 Qd8 18. Qe3 {1-0 Espig,L-Schulz,M/Berlin 1993/EXT 97 (69)}) (11... a5
12. N1h2 d4 13. Bf4 Nb4 14. Ng5 {
1-0 Hochstrasser,M-Zoller,P/Winterthur 2001/CBM 84 ext (20)}) 12. N1h2 a5 13.
Bf4 a4 14. a3 Nb6 15. Ng5 Nd4 16. c3 Nf5 17. Ng4 Ba6 18. Ne3 Nxe3 {
1/2-1/2 Dueball,J-Ostermeyer,P/Germany 1982/GER-chT (26)}) 11. Nf1 Nc6 12. Bg5
$6 (12. N1h2 d4 (12... Rae8 13. Ng4 Nd8 14. Bg5 f5 15. exf6 gxf6 16. Bh6 Rf7
17. a4 bxa4 18. Rxa4 Kh8 {1/2-1/2 Tseitlin,M-Siniavsky,A/Rostov 1976/MCD (41)})
13. h5 c4 14. Ng4 cxd3 15. cxd3 Rfc8 16. h6 g6 17. Bg5 Bf8 {
1/2-1/2 Palermo,V-Guimard,C/Mar del Plata 1968/MCD (49)}) (12. Bf4 Rae8 13.
N1h2 f5 (13... Bd8 $1 {um nach ...f5/exf6 mit gxf6 zu antworten}) 14. exf6 Bxf6
15. Ng5 Nd8 16. Qh5 Bxg5 (16... h6 17. c3 (17. Ng4 hxg5 18. hxg5 Bxb2) 17...
hxg5 18. hxg5 {ist ein typischer koenigsindischer Angriff} 18... g6 19. Qxg6+
Bg7 20. Ng4 e5 21. Nh6+ Kh8 22. Qh5) 17. Bxg5 Nf7 18. Bd2 Nf6 19. Qe2 e5 20.
Ng4 e4 (20... Nxg4 21. Qxg4 Nd6) 21. Nxf6+ Qxf6 22. dxe4 dxe4 23. Qxb5 {
1-0 Tischbierek,R-Keller,M/Bad Woerishofen 1999/EXT 2000 (42)}) 12... Rae8 13.
N1h2 a5 14. Ng4 Bd8 $1 15. Qd2 Kh8 {Raeumt beizeiten die g-Linie} 16. Qf4 f5
17. exf6 gxf6 18. Bh6 Bc7 19. Qd2 Rg8 $17 {Der Angriff von W ist abgeschlagen}
20. Ngh2 d4 21. Re2 Ne7 22. Bh3 Ng6 23. Rae1 Nge5 24. Bg2 Nf7 25. h5 Qd6 $1 26.
Bf4 $2 (26. Ne5) 26... e5 27. Nxe5 fxe5 28. Bxb7 Ref8 29. g4 Nd8 $19 30. Bh6 e4
0-1

[Event "LK Elsaß-Baden"]
[Site "Haguenau"]
[Date "2002.09.15"]
[Round "15.6"]
[White "Mohebbi, Jaffar"]
[Black "Arnold, Lothar"]
[Result "1-0"]
[WhiteElo "2305"]
[BlackElo "2314"]
[Annotator "Herbrechtsmeier"]
[PlyCount "65"]
[EventDate "2002.09.15"]
[WhiteTeam "ELSASS"]
[BlackTeam "BADEN"]
[WhiteTeamCountry "FRA"]
[BlackTeamCountry "GER"]

1. d4 d5 2. Nf3 c5 3. g3 e6 4. Bg2 Nf6 5. O-O cxd4 6. Nxd4 Be7 (6... Nc6 7. c4)
(6... e5 $1 {Rublevsky} 7. Nb3 Be6) 7. c4 dxc4 $6 {
Geht ueber zu (einer schlechten Form von) Katalanisch} (7... O-O 8. cxd5 Nxd5
9. Qb3 (9. e4 Nb4 10. Nc3 N8c6 11. Nxc6 Nxc6 12. Be3 Qa5 13. Qb3 b6 14. e5 Bb7
15. Nb5 Rab8 16. Nd6 Bxd6 17. exd6 Qh5 18. Qd1 {
Maiwald,J-Luther,T/GER-ch (06)/1993/0.5 (18)}) (9. Nd2 b6 $1 10. e4 Nb4 11. e5
Qxd4 $1 12. Bxa8 Ba6 13. Nf3 $8 Qc4 14. Bd2 $1 Qxf1+ 15. Qxf1 Bxf1 16. Kxf1 Nd3
17. Bc3 Nc5 18. Rd1 $6 Rc8 $1 19. Nd4 Na4 20. Ne2 Nxc3 21. Nxc3 f6 $2 22. exf6
gxf6 23. Be4 f5 24. Bc2 $10 {Romanishin,O-Lau,R/Muenchen/1992/1/2-1/2/47/})
9... Na6 $146 10. a3 $6 (10. Rd1 Nc5 11. Qf3 $13) 10... Nc5 11. Qc2 Bd7 12. e4
(12. b4 Na4 $1) 12... Nb6 13. Nc3 Rc8 {
0-1 Gostisa,L-Luther,T/Lippstadt 1994/CBM 43/[Ftacnik] (19)}) 8. Qa4+ Nbd7 {
Der Normalzug ...Sc6 ist nicht moeglich} (8... Bd7 9. Qxc4 $16) 9. Rd1 O-O 10.
Qxc4 Nb6 (10... a6 11. Nc3 Nb6 12. Qb3 $16 {
1-0 Benko,P-Ziembinski,M/Budapest 1954/EXT 2000 (40)}) (10... Qb6 11. Nc3 Ne5
12. Qb5 $16) (10... Qa5 11. Nc3 Qh5 12. Ndb5 Bc5 13. h3 Nb6 14. Qf4 {
1-0 Villamayor,B-Bitoon,R/Quezon City 2001/CBM 81 ext (25)}) 11. Qb3 Bd7 (11...
Qe8 12. Nb5 Nfd5 13. N1c3 Bd7 14. Nxd5 Nxd5 15. Rxd5 {
1-0 Jirovsky,M-Trefny,V/CZE 1994/TD (57)}) 12. Nc3 Qb8 $1 13. e4 (13. Bg5 h6) (
13. Ndb5 $14 a6 $140 14. Nd6) 13... Rc8 14. a4 e5 $5 (14... Nc4) 15. Ndb5 (15.
Nf5 Bc5) 15... Nc4 (15... Be6 16. Nd5 Nfxd5 17. exd5 Bf5 18. Nc3 Nc4) 16. Nd5
Nxd5 17. exd5 Nd6 (17... Bg4 $1) 18. Nc3 Qc7 19. Re1 Bf6 (19... Qc4 20. Qxc4
Nxc4 21. d6 Nxd6 22. Rxe5 $16) (19... Nc4 $142) 20. Be3 Qc4 (20... Nc4 21. Ne4
$1) 21. Qa3 Be7 $2 (21... Qc7) 22. Ne4 $1 Nf5 23. d6 Nxe3 24. Qxe3 (24. Rxe3)
24... Bf8 $2 (24... Bd8 $142) 25. Nc3 (25. Rec1 $1 Qd4 26. Nc5 $16) 25... Bc6 (
25... Qb4 $5) 26. Bxc6 Rxc6 (26... Qxc6 27. Nb5) 27. d7 Rd8 $138 28. Rad1 Rc7
29. Qxa7 Bc5 $2 (29... f6) 30. Rxe5 $1 $18 h6 31. Re8+ Kh7 32. Qxc5 Rxc5 33.
Rxd8 1-0

[Event "LK Elsaß-Baden"]
[Site "Haguenau"]
[Date "2002.09.15"]
[Round "23.7"]
[White "Scherer, Max"]
[Black "Schmitt, Andre"]
[Result "1/2-1/2"]
[WhiteElo "2342"]
[BlackElo "2282"]
[Annotator "Herbrechtsmeier"]
[PlyCount "81"]
[EventDate "2002.09.15"]
[WhiteTeam "BADEN"]
[BlackTeam "ELSASS"]
[WhiteTeamCountry "GER"]
[BlackTeamCountry "FRA"]

1. c4 (1. e4 Nf6 2. e5 Nd5 3. g3 $5 {Blatny,P: '/\/^h1-a8'} (3. d4) 3... d6 4.
exd6 cxd6 5. Bg2 Nf6 (5... Nb6 6. b3 {><Nb6}) 6. d4 g6 7. c4 (7. b3 $142 {
/\Bb2,Nd2,Ngf3,h3+/= [+]}) 7... Bg7 8. Nc3 O-O 9. Nge2 (9. Nf3 Nc6 {/\Bg4,e5})
9... Nc6 10. O-O a6 (10... Bg4 11. Be3 $14 {
1-0 Rozentalis,E-Yermolinsky,A/Rakvere 1993/CBM 38/[Blatny,P] (37)}) (10... Bf5
$5 11. h3 a6 12. b3 Rb8 13. Be3 h5 14. d5 Na5 15. Nd4 {
1-0 Rozentalis,E-Pribyl,J/Liechtenstein 1996/EXT 98 (42)}) 11. b3 Rb8 (11...
Qc7 {/\Re8,e5} 12. Bb2 Re8 13. Rc1 Bg4 $13) 12. h3 Bd7 13. d5 (13. Be3 $5 {
/\Qd2}) 13... Na5 (13... Na7 $6 14. Be3 b6 15. a4 Qc7 $14) 14. Nd4 $6 (14. Be3
b5 $132) (14. Bb2 $142) 14... Qc8 {
0-1 Rozentalis,E-Hjartarson,J/Tilburg 1994/CBM 44/[Blatny,P] (40) ><Nc3,Ph3})
1... g6 2. g3 Nf6 3. Bg2 Bg7 4. Nc3 O-O 5. d4 c5 (5... d6) 6. e3 d6 (6... Nc6
7. Nge2 d6 8. O-O Bd7 9. b3 Rb8 10. Bb2 a6 11. dxc5 dxc5 12. Na4 b6 13. Nf4 Na5
14. Be5 Rc8 15. Qc2 Bxa4 16. bxa4 Nd7 $11 {
1/2-1/2 Benko,P-Fischer,R/New York 1958/MCD (29)}) 7. Nge2 cxd4 (7... Nc6) 8.
exd4 e5 (8... Nc6 9. h3 {
Vermeidet die Fesselung durch Bg4 und bereitet das eventuelle g3-g4 vor.} (9.
d5 Ne5 10. b3 Bf5 11. O-O Nd3 $2 12. Be3 Ne5 13. Nd4 Nfg4 14. Nxf5 gxf5 15. Bd4
Nf6 16. Re1 {1-0 Reschke,T-Lichtinger,B/Berlin 1994/EXT 97 (26)}) (9. O-O {s.o.
}) 9... Bf5 10. g4 (10. Be3) 10... Bd7 11. Be3 $14 {Weiss hat das Uebergewicht
im Zentrum. Die Schwaechung des Koenigsfluegels mit g4 hat keine grosse
Bedeutung.} 11... Rc8 12. b3 {
1-0 Ulko,J-Ogloblin,N/Smolensk 2000/CBM 77/[Ribli] (57)}) 9. O-O Nc6 10. b3 $6
(10. dxe5 dxe5 11. h3 Be6 12. Nd5 Ne8 13. b3 f5 14. Bb2 Rf7 15. Qc2 Rd7 16.
Rad1 Rc8 17. Qb1 b5 18. cxb5 {
1/2-1/2 Turner,M-Broomfield,M/Scarborough 2001/CBM 83 ext (18)}) (10. h3 Nd7
11. Be3 f5 12. Qd2 Nf6 13. Rad1 Qe7 14. f4 $1 e4 15. d5 $14 {
1-0 Davies,N-Trubman,A/New York 1991/CBM 23/[Ribli] (43)}) 10... Bg4 (10...
exd4 $1 11. Nxd4 Nxd4 12. Qxd4 Ne4 13. Qxe4 Bxc3 14. Rb1 (14. Bh6 Re8 15. Qf4
Bxa1 16. Rxa1 Qe7 {1/2-1/2 Alster,L-Plater,K/Warsaw 1956/EXT 2000 (40)}) 14...
Bf5 15. Qf3 Bg7 16. Bf4 Bxb1 17. Rxb1 Qa5 {
1/2-1/2 Margulis,I-Cunningham,R/California 1997/EXT 99 (26)}) 11. Bxc6 (11.
dxe5) 11... bxc6 12. f3 Bh3 13. Rf2 Qa5 14. Bd2 exd4 15. Nb5 Qb6 $15 16. Nxd6 (
16. Nbxd4 Rfe8) 16... c5 17. Nf4 Qxd6 (17... Bd7 18. Ne4 Nxe4 19. fxe4 Rae8)
18. Nxh3 Rfe8 19. Nf4 Bh6 20. Qf1 Bxf4 21. Bxf4 Qe6 22. Qd3 Nd7 $11 23. Rd1 Ne5
24. Qf1 Rad8 25. Kg2 Qf5 26. Re2 Re6 27. Re4 Rde8 28. Rde1 g5 29. Bxg5 Qxg5 30.
f4 Qh5 31. fxe5 Rxe5 32. Qf4 Rxe4 33. Rxe4 Rxe4 34. Qxe4 Qg5 35. h4 (35. Qa8+
Kg7 36. Qxa7 Qd2+ (36... d3 $5)) 35... Qd2+ 36. Kh3 d3 37. Qe8+ (37. Qg4+ Kf8
38. Qc8+ Kg7 39. Qxc5 Qe2) 37... Kg7 38. Qe5+ Kg8 39. Qe8+ Kg7 40. Qe5+ Kg8 41.
Qe8+ 1/2-1/2